000 00679nam a22001937a 4500
005 20180913130339.0
010 _aB-705543
020 _c275.00
_a9789352535743
035 _aB-705543
037 _bRK Books
082 _a000
100 _aAggarwal, R. S.
245 _aA modern approach to logical reasoning/
_cby R. S. Aggarwal
260 _aNew Delhi
_bS Chand Publishing
_c2015
270 _aRam Nagar.
_bNew Delhi
_e110055
300 _avarious pagings
_c24cm(pbk)
942 _2ddc
_cEN
_mAGG
_h000
999 _c157452
_d157452